[Event "IECC O email"]
[Site "IECC email"]
[Date "2000.04.10"]
[Round "?"]
[White "Butler, George Malcolm"]
[Black "Lopez Diaz, Vicente"]
[Result "1-0"]
[WhiteElo "1093"]
[BlackElo "1050"]
[PlyCount "79"]
[EventDate "2000.??.??"]
[EventType "tourn (corr)"]
[EventRounds "6"]
[SourceTitle "Corr 2008"]
[Source "ChessBase"]
[SourceDate "2008.06.24"]
[SourceVersion "1"]
[SourceVersionDate "2008.06.24"]
[SourceQuality "1"]

1. e4 e5 2. Nf3 Nc6 3. Bb5 a6 4. Ba4 Nf6 5. 0-0 Be7 6. Re1 b5 7. Bb3 0-0 8. c3 d6 9. h3 Na5 10. Bc2 c5 11. d4 Qc7 12. Nbd2 Nc6 13. d5 Na7 14. a4 Bd7 15. c4 bxc4 16. Nxc4 Ne8 17. Bd2 Nc8 18. Qe2 f5 19. exf5 Bxf5 20. Bxf5 Rxf5 21. Qe4 Rf8 22. Bg5 Rxf3 23. Qxf3 Bxg5 24. Qh5 Qe7 25. Rab1 Nc7 26. Red1 Rb8 27. Na5 Na7 28. Nc4 Bh6 29. Ne3 Qg5 30. Qe2 Rb4 31. b3 Rd4 32. Nc2 Rd2 33. Rxd2 Qxd2 34. Qxd2 Bxd2 35. Rd1 Bc3 36. Ne3 Nc8 37. Nf5 Kf7 38. Kf1 Ne7 39. Nxd6+ Kf6 40. Ne4+ 1-0